000 02209cam a22004214i 4500
003 PE-LiUPU
005 20250731173123.0
008 150623s1981 nyu r 000 0 eng d
035 _a(Sirsi) a25769
040 _aPE-LiUPU
_bspa
_cPE-LiUPU
_erda
049 _aPRUA
082 0 4 _a270.9
_bD37
_221
100 1 _aDeanesly, Margaret,
_eautor.
245 1 2 _aA history of the medieval church 590 - 1500 /
_cMargaret Deanesly.
264 1 _aNew York :
_bMethuen, New York, NY,
_c1981.
300 _a283 páginas ;
_c19 centímetros
336 _atext
_2rdacontent
337 _aunmediated
_2rdamedia
338 _avolume
_2rdacarrier
505 0 _aFrom the council of chalcedon to Gregory the great 451-590 -- Gregory the great 590-604 -- The secular and monastic clergy 600 - 750 -- The missionaries: Augustine -- Aidan, Willibrord, Boniface -- The carolingian revaissance and the church -- Relations of eastern and western churches till 1054 -- The growth of papal power, 604-1073. Cluny: Hildebrand: investitures -- The crusades and their effect on the church -- Twelfth century monasticsm: cistercians: Carthusians: Austin canons -- The twelfth century renaissance: canon law -- Innocent III -- The friars -- The scholastic philosophy: S -- Thomas Aquinas -- The avignon popes: the curia: and schism -- The fourteenth century diocese and parish in england -- Schools: hospitals: anchorages -- Medieval heresy and the inquisition -- The conciliar movement -- The renaissance.
526 _aSEG42
526 _aSEG41
526 _aSEG40
526 _aSEG39
526 _aP94
526 _aP87
526 _aP86
526 _aP85
526 _aP77
526 _aP76
526 _aP35
650 1 4 _aIglesia
_xHistoria
_yEdad media, 590 - 1500.
942 _2ddc
_cBOOK
949 _a270.9 D37
_wDEWEY
_c1
_i51038
_lCCODEBUL1
_mBUL
_p7.00
_r0
_sY
_tBOOK
_u2015-06-24
_xTEOLOGIA
_PP35
_0COMPRA
_o.STAFF. Colección General
596 _a1
999 _a270.9 D37
_wDEWEY
_c32726
_i51038
_f2021-11-11
_g5
_lCCODEBUL1
_mBUL
_p7.00
_r0
_sY
_tBOOK
_u2015-6-24
_xTEOLOGIA
_PP35
_0COMPRA
_o.STAFF. Colección Teología
_d32726
980 _81
_gALBERTO SANCHEZ Responsable de Automatización